Autoras en la historia del teatro español: 1500-1994
Salvato in:
| Autore principale: | |
|---|---|
| Natura: | Libro |
| Lingua: | spagnolo |
| Pubblicazione: |
Madrid
Publicaciones de la Asociación de Directores de Escena de España
1996
|
| Soggetti: | |
| Tags: |
Aggiungi Tag
Nessun Tag, puoi essere il primo ad aggiungerne!!
|
MARC
| LEADER | 00000nam a2200000 a 4500 | ||
|---|---|---|---|
| 001 | UCS1942 | ||
| 003 | CL-VaPUC | ||
| 008 | 970516e19960000SP |||||||||||||||||spa|d | ||
| 082 | 0 | 4 | |a 862.09 |b HOR |2 21 |
| 100 | 0 | |a Hormigón, Juan Antonio |e author |9 386867 | |
| 245 | 1 | 0 | |a Autoras en la historia del teatro español: 1500-1994 |
| 300 | |a v | ||
| 942 | |c BK | ||
| 945 | |d 19970516 00:00:00 |a rleighto | ||
| 260 | |a Madrid |b Publicaciones de la Asociación de Directores de Escena de España |c 1996 | ||
| 500 | |a v.1: Siglos XVII XVII XIX | ||
| 500 | |a v.2: Siglo XX: 1900-1975 | ||
| 650 | 0 | |a Teatro español |9 265077 | |
| 650 | 0 | |a Literatura española |9 306261 | |
| 650 | 0 | |a Historia y crítica |9 257407 | |
| 650 | 0 | |a Crítica literaria |9 269189 | |
| 583 | |a last modification |c 19970516 00:00:00 |k Rodrigo Vera | ||
| 999 | |c 259952 |d 259950 | ||
| 952 | |0 0 |1 0 |4 0 |6 862_090000000000000_HOR_1996 |7 0 |8 A |9 285486 |a FDOPOS |b FDOPOS |d 2019-11-19 |h v.1 |i 3305678 |o 862.09 HOR 1996 |p 3305678 |r 2025-01-22 |w 2019-11-19 |y BK |k MLH | ||
| 952 | |0 0 |1 0 |4 0 |6 862_090000000000000_HOR_1996 |7 0 |8 A |9 285487 |a FDOPOS |b FDOPOS |d 2019-11-19 |h v.2 |i 3339475 |o 862.09 HOR 1996 |p 3339475 |r 2025-01-22 |w 2019-11-19 |y BK |k MLH | ||